Navrhování zděných konstrukcí : určeno pro posl. fak. stavební /

Hlavní autor: Gartner, Otakar
Další autoři: Procházka, Milan
Jazyk: Čeština
Vydáno: Brno : VUT, 1972
Vydání: 2., nezm. vyd.
Edice: Učební texty vysokých škol
Témata:
Fyzický popis: 133 s. ; 4°
Knihy
Uloženo v:
LEADER 01068nam a2200313 a 4500
001 000564729
003 CZ BrMZK
005 20000115143423.0
008 970401s1972 xr f cze d
015 |a cnb000436510 
035 |a (OCoLC)39573535 
040 |a BOA001  |b cze 
080 |a 624.92.012.2  |2 MRF 
080 |a 624.012.2(075.8)  |2 MRF 
100 1 |a Gartner, Otakar  |7 jn19981001323  |4 aut 
245 1 0 |a Navrhování zděných konstrukcí :  |b určeno pro posl. fak. stavební /  |c Otakar Gartner, Milan Procházka 
250 |a 2., nezm. vyd. 
260 |a Brno :  |b VUT,  |c 1972 
300 |a 133 s. ;  |c 4° 
490 1 |a Učební texty vysokých škol 
500 |a Pozn. 
500 |a Přehl. lit. 
500 |a S obr. a tb. v textu 
700 1 |a Procházka, Milan  |7 jx20050531012  |4 aut 
830 0 |a Učební texty vysokých škol 
910 |a BOA001  |b TK-A-0160.701-72 
964 |a Konstrukce zděné - navrhování - učebnice vysokoškol. 
990 |a BK 
996 7 |b 2629978980  |c TK-A-0160.701-72  |l MZK  |r Sklad / do 24 hodin  |n 4  |w 000564729  |u 000010  |a 1  |e BOA001  |j MZK50  |s A